Statistics for Ultimate Sea of Thieves Quiz

Click here to take the quiz!

General Stats

  • This quiz has been taken 514 times
  • The average score is 38 of 56

Answer Stats

HintAnswer% Correct
Pirate Emporium shopkeepers names always start with this letterE
97%
Shipwrights names always start with this letterS
97%
Gold-lovers names always start with this letterH
96%
Crate-lovers names always start with this letterM
96%
Skull-lovers names always start with this letterO
95%
Tavern keepers names always start with this letterT
93%
Equipment shopkeepers names always start with this letterT
93%
Weapon smiths names always start with this letterW
92%
Clothing shopkeeps names always start with this letterC
91%
Biggest boat in the gameGalleon
89%
Smallest boat in the gameSloop
89%
Company where you sell chestsThe Gold Hoarders
88%
Squid creature that makes the water black and allows the boat to stay in one position when spawnedKraken
87%
Company where you sell skullsThe Order of Souls
87%
Massive shark that spawns and will attack a boat if threatened. There are five different types of this shark.Megalodon
86%
Very small boat to transport loot ot get to island to island. Can be attached to main boatRowboat
86%
Main "bony" antagonists of the gameSkeletons
85%
Company where you sell cratesThe Merchant Alliance
84%
Middle sized boat in the gameBrigantine
83%
Shotgun in the gameBlunderbuss
80%
Company that made the gameRare
79%
Sword in Sea of ThievesCutlass
77%
Explosive throwable that produces knockbackBlunderbomb
76%
Trading company for pirate legendsAthena's Fortune
75%
Sniper in the gameEye of Reach
75%
Makeshift molotov cocktail in the gameFirebomb
74%
Strange man who resides in any tavernMysterious Stranger
74%
Trading company that reside in every seapost, accepts fish, meat, and gemsThe Hunter's Call
74%
Area on MapThe Wilds
74%
Pistol in the gameFlintlock
72%
Skeletons that have a lot of health and usually give you a skull or orders to find a buried chest or ashen keySkeleton Captain
72%
Area on MapThe Devil's Roar
71%
Area on MapThe Shores of Plenty
68%
The first pirate to discover the Sea of ThievesThe Pirate Lord
67%
Trading company that has their own tavern. They also control the arenaThe Sea Dogs
67%
Secret Area on MapThe Shores of Gold
67%
Area on MapThe Ancient Isles
65%
Ships that are either Galleons or Sloops, and are controlled by SkeletonsSkeleton Ships
64%
Drunk man who you sell certain chests to, part of aboveDuke
57%
These skeletons are covered in gold, and must be rusted before being attackedGold Skeletons
57%
Skeletons that carry gunpowder barrelsGunpowder Skeleton
55%
Normal skeletons by day, but by night, they are shadows that have to be stunned with lightShadow Skeletons
55%
Skeletons covered in plants, easy to kill with firePlant Skeletons
53%
Head skeletons in forts, they drop the vault keySkeleton Lord
49%
Trading company that you sell certain chests toThe Bilge Rats
49%
Tattoo artist who wants to find all pirate legendsUmbra
46%
Forts that have lots of loot, marked by giant skull in the skySkull Fort
44%
One of three Skeleton Lords in a fort, the only girl oneThe Duchess
37%
Skeletons that are exclusive to fiery tall tales such as Heart of FireAshen Skeletons
34%
Mysterious masked figure who resides at the Reapers HideoutThe Masked Stranger
33%
One of three Skeleton Lords in a fort, quite the scoundrelThe Two Faced Scoundrel
31%
Feral man who lives in Crooks HollowWild Henry
22%
Woman who was banished to islands after "lootin" too muchLootin Penelope
18%
Regular skeletons, except more aggressive, more health, and copping a bandanaBandana Skeletons
17%
Bounty hunter at certain islandDeadshot Charlotte
12%
One of three Skeleton Lords in a fort, shows strong mutinyThe Mutinous Helsman
8%

Score Distribution

Percentile by Number Answered

Percent of People with Each Score

Your Score History

You have not taken this quiz